000
00301nam a2200121Ia 4500
008
190216s9999||||xx |||||||||||||| ||und||
100
_a
John Mc Leod
245
0
_a
Beginning Post Colonialism
260
_b
Manchester University Press
_c
2000
300
_a
269p
650
_a
Indian History
942
_c
BK
999
_c
21469
_d
21469